<?xml version="1.0" encoding="UTF-8"?><?xml-stylesheet type="text/xsl" href="static/style.xsl"?><OAI-PMH xmlns="http://www.openarchives.org/OAI/2.0/" xmlns:xsi="http://www.w3.org/2001/XMLSchema-instance" xsi:schemaLocation="http://www.openarchives.org/OAI/2.0/ http://www.openarchives.org/OAI/2.0/OAI-PMH.xsd"><responseDate>2026-04-18T23:37:05Z</responseDate><request verb="GetRecord" identifier="oai:repisalud.isciii.es:20.500.12105/16580" metadataPrefix="marc">https://repisalud.isciii.es/rest/oai/request</request><GetRecord><record><header><identifier>oai:repisalud.isciii.es:20.500.12105/16580</identifier><datestamp>2024-09-27T08:43:27Z</datestamp><setSpec>com_20.500.12105_19604</setSpec><setSpec>com_20.500.12105_2051</setSpec><setSpec>col_20.500.12105_19605</setSpec></header><metadata><record xmlns="http://www.loc.gov/MARC21/slim" xmlns:dcterms="http://purl.org/dc/terms/" xmlns:doc="http://www.lyncode.com/xoai" xmlns:xsi="http://www.w3.org/2001/XMLSchema-instance" xsi:schemaLocation="http://www.loc.gov/MARC21/slim http://www.loc.gov/standards/marcxml/schema/MARC21slim.xsd">
   <leader>00925njm 22002777a 4500</leader>
   <datafield ind2=" " ind1=" " tag="042">
      <subfield code="a">dc</subfield>
   </datafield>
   <datafield ind2=" " ind1=" " tag="720">
      <subfield code="a">Novella-Navarro, Marta</subfield>
      <subfield code="e">author</subfield>
   </datafield>
   <datafield ind2=" " ind1=" " tag="720">
      <subfield code="a">Cabrera-Alarcón, José Luis</subfield>
      <subfield code="e">author</subfield>
   </datafield>
   <datafield ind2=" " ind1=" " tag="720">
      <subfield code="a">López-Juanes, Natalia</subfield>
      <subfield code="e">author</subfield>
   </datafield>
   <datafield ind2=" " ind1=" " tag="720">
      <subfield code="a">Villalba, Alejandro</subfield>
      <subfield code="e">author</subfield>
   </datafield>
   <datafield ind2=" " ind1=" " tag="720">
      <subfield code="a">Fernández Fernández, Elisa</subfield>
      <subfield code="e">author</subfield>
   </datafield>
   <datafield ind2=" " ind1=" " tag="720">
      <subfield code="a">Monjo, Irene</subfield>
      <subfield code="e">author</subfield>
   </datafield>
   <datafield ind2=" " ind1=" " tag="720">
      <subfield code="a">Peiteado, Diana</subfield>
      <subfield code="e">author</subfield>
   </datafield>
   <datafield ind2=" " ind1=" " tag="720">
      <subfield code="a">Nuño, Laura</subfield>
      <subfield code="e">author</subfield>
   </datafield>
   <datafield ind2=" " ind1=" " tag="720">
      <subfield code="a">Plasencia-Rodríguez, Chamaida</subfield>
      <subfield code="e">author</subfield>
   </datafield>
   <datafield ind2=" " ind1=" " tag="720">
      <subfield code="a">Balsa, Alejandro</subfield>
      <subfield code="e">author</subfield>
   </datafield>
   <datafield ind2=" " ind1=" " tag="260">
      <subfield code="c">2023-09</subfield>
   </datafield>
   <datafield ind2=" " ind1=" " tag="520">
      <subfield code="a">OBJECTIVES&#xd;
To analyse the trajectories of Disease Activity Score 28 (DAS28), patient global assessment (PGA) and physician global assessment (PhGA) and to assess their predictive capabilities on difficult-to-treat rheumatoid arthritis (D2TRA) classification.&#xd;
METHODS&#xd;
Longitudinal study of patients with rheumatoid arthritis (RA) from 2020 to 2022. Based on the D2TRA EULAR (European Alliance of Associations for Rheumatology) definition, patients were classified as D2TRA according to biological or targeted synthetic disease-modifying antirheumatic drugs (b/tsDMARDs) failure due to inefficacy (D2TRA-inefficacy) or other reasons (D2TRA-other). Patients who did not fulfil the D2TRA criteria were classified as NoD2TRA. DAS28, PGA and PhGA scores collected every 6 months during the first 24 months of b/tsDMARD treatment were used to identify different trajectories using latent class mixed models (LCMM).&#xd;
RESULTS&#xd;
The study population comprised 255 patients with RA, of whom 167 were NoD2TRA, 58 D2TRA-inefficacy and 30 D2TRA-other. LCMM stratified patients into two different trajectories for DAS28 and PhGA and three for PGA according to the most stable model. The most notable variation occurred during the first 6 months of treatment, thereafter remaining stable during the follow-up period. Most D2TRA-inefficacy patients fitted the trajectory, showing higher values of the studied parameters. NoD2TRA followed the trajectory with lower values, and D2TRA-other were distributed more homogeneously across all trajectories.&#xd;
CONCLUSIONS&#xd;
The assessment of disease activity, together with patients' and physicians' perceptions, form a key element in the correct discrimination of patients who are going to develop D2TRA-inefficacy. However, identifying those patients who will be D2TRA-other remains challenging, whether by subjective or objective parameters.</subfield>
   </datafield>
   <datafield ind1="8" ind2=" " tag="024">
      <subfield code="a">RMD Open. 2023 Sep;9(3):e003382.</subfield>
   </datafield>
   <datafield ind1="8" ind2=" " tag="024">
      <subfield code="a">http://hdl.handle.net/20.500.12105/16580</subfield>
   </datafield>
   <datafield ind1="8" ind2=" " tag="024">
      <subfield code="a">37775112</subfield>
   </datafield>
   <datafield ind1="8" ind2=" " tag="024">
      <subfield code="a">10.1136/rmdopen-2023-003382</subfield>
   </datafield>
   <datafield ind1="8" ind2=" " tag="024">
      <subfield code="a">2056-5933</subfield>
   </datafield>
   <datafield ind1="8" ind2=" " tag="024">
      <subfield code="a">RMD open</subfield>
   </datafield>
   <datafield ind2="0" ind1="0" tag="245">
      <subfield code="a">Patient and physician assessment in difficult-to-treat rheumatoid arthritis: patterns of subjective perception at early stages of b/tsDMARD treatment.</subfield>
   </datafield>
</record></metadata></record></GetRecord></OAI-PMH>